00366 a2200109 4500001001000000005001700010008004100027245009200068100002600160773005300186999001700239ART_2395220260410161933.0260409a 10aComercio internacional, movilidad de algunos factores y movilidad de todos los factores1 aPablo, Juan Carlos de0 tInformeg- Año X, Nº 51 (sep. 1978)wREV23765 c28754d28754